000 00503nam a2200145 a 4500
008 120416s1973 ||||||||||||||||| || u
050 _aQA 76.73.B355 Sin
100 _aSinger, Bernard M
245 1 0 _aProgramming in BASIC
246 _awith applications
260 _aNew York
_bMcGraw-Hill
_c1973
300 _ax, 193p. : ill.
350 _a0.00
995 _D0.00
_FCBU-MAIN LIBRARY (Kitwe)
_H1
_I2.75
_M1
_UDAMAGED
_ZMain Library Open Access Collection
999 _c54995
_d54995